| 000 | 00521nam a22001457a 4500 | ||
|---|---|---|---|
| 082 | _a620.005 | ||
| 100 | _aYaqub, Muhammad Waqas | ||
| 245 |
_aThe Impacts of Technology on Employment Opportunities, Labor Skills and Unemployment Rate in Pakistan / _cMuhammad Waqas Yaqub |
||
| 260 |
_aIslamabad : _bCEME - NUST, _c2012. |
||
| 300 |
_a91 p. ; _c30cm. |
||
| 650 |
_aComputer Management-MS-Thesis _931666 |
||
| 700 |
_aDr. Shafqat Hameed _929330 |
||
| 942 |
_2ddc _cTHE |
||
| 999 |
_c536496 _d536496 |
||